Những mẩu chuyện lịch sử ; T1
Bewaard in:
| Hoofdauteur: | |
|---|---|
| Formaat: | Boek |
| Taal: | Undetermined |
| Gepubliceerd in: |
Hà Nội
Giáo Dục
1976
|
| Onderwerpen: | |
| Tags: |
Voeg label toe
Geen labels, Wees de eerste die dit record labelt!
|
| Thư viện lưu trữ: | Trung tâm Học liệu Trường Đại học Cần Thơ |
|---|
| LEADER | 00522nam a2200169Ia 4500 | ||
|---|---|---|---|
| 001 | CTU_46180 | ||
| 008 | 210402s9999 xx 000 0 und d | ||
| 082 | |a 959.7 | ||
| 082 | |b V561/T.1 | ||
| 100 | |a Trần Quốc Vượng | ||
| 245 | 0 | |a Những mẩu chuyện lịch sử ; T1 | |
| 245 | 0 | |c Trần Quốc Vượng, Nguyễn Cao Lũy | |
| 260 | |a Hà Nội | ||
| 260 | |b Giáo Dục | ||
| 260 | |c 1976 | ||
| 650 | |a vietnam - history | ||
| 980 | |a Trung tâm Học liệu Trường Đại học Cần Thơ | ||